2 1/2 D, aneb, prostor (ve) filmu v kontextu literatury a výtvarného umění

Saved in:
Bibliographic Details
Main Author Teodosijevová, Kateřina, 1981- (Author)
Format Book
LanguageCzech
Published Praha : Katedra filmových studií FF UK : Casablanca, 2008 [i.e.] 2009
EditionVyd. 1.
SeriesAkta F
Subjects
ISBN9788073082642
978-80-903756-8-0
Physical Description191 s. : il. (některé barev.) ; 20 cm

Cover

LEADER 00000cam a2200000 a 4500
001 52562
003 CZ-ZlUTB
005 20190826001710.0
007 ta
008 090316t20082009xr a f 001 0 cze
020 |a 9788073082642  |q (FF UK :  |q brož.) 
020 |a 978-80-903756-8-0  |q (Casablanca :  |q brož.) 
040 |a ABA001  |b cze  |d ZLD002 
072 7 |a 791  |x Film. Cirkus. Lidová zábava  |2 Konspekt  |9 3 
080 |a 114  |2 MRF 
080 |a 7.01  |2 MRF 
080 |a 791  |2 MRF 
080 |a 72/76  |2 MRF 
080 |a 82  |2 MRF 
080 |a 316.774  |2 MRF 
080 |a (048.8)  |2 MRF 
100 1 |a Teodosijevová, Kateřina,  |d 1981-  |7 mzk2005312844  |4 aut 
245 1 0 |a 2 1/2 D, aneb, prostor (ve) filmu v kontextu literatury a výtvarného umění /  |c Kateřina Svatoňová 
246 3 |a Dva a půl D 
246 3 0 |a Prostor (ve) filmu v kontextu literatury a výtvarného umění 
246 1 8 |a 21/2D, aneb, prostor (ve) filmu 
250 |a Vyd. 1. 
260 |a Praha :  |b Katedra filmových studií FF UK :  |b Casablanca,  |c 2008 [i.e.] 2009 
300 |a 191 s. :  |b il. (některé barev.) ;  |c 20 cm 
490 1 |a Akta F 
504 |a Obsahuje bibliografii, bibliografické odkazy a rejstřík 
650 0 7 |a prostor (filozofie)  |7 ph124656  |2 czenas 
650 0 7 |a prostor (umění)  |7 ph115525  |2 czenas 
650 0 7 |a film  |7 ph114534  |2 czenas 
650 0 7 |a umění  |7 ph116538  |2 czenas 
650 0 7 |a literatura  |7 ph117222  |2 czenas 
650 0 7 |a masmédia  |7 ph115233  |2 czenas 
650 0 9 |a space (philosophy)  |2 eczenas 
650 0 9 |a space (art)  |2 eczenas 
650 0 9 |a film  |2 eczenas 
650 0 9 |a art  |2 eczenas 
650 0 9 |a literature  |2 eczenas 
650 0 9 |a media  |2 eczenas 
655 7 |a studie  |7 fd133597  |2 czenas 
655 9 |a studies  |2 eczenas 
830 0 |a Akta F 
910 |a ZLD002 
928 1 |a Univerzita Karlova. Filozofická fakulta 
928 9 |a Univerzita Karlova, Filozofická fakulta, katedra filmových studií 
952 |0 0  |1 0  |4 0  |6 778SVATOŇOVÁK  |7 0  |8 BOOK  |9 94595  |a UTBZL  |b UTBZL  |c 005  |d 2009-07-13  |l 0  |o 778/SVATOŇOVÁ,K.  |p 420010125479  |r 2019-08-26 00:00:00  |v 299.00  |w 2019-08-26  |x N: nákup | 20100831  |y 01 
952 |0 0  |1 0  |4 0  |6 778SVATOŇOVÁK  |7 0  |8 BOOK  |9 94596  |a UTBZL  |b UTBZL  |c 006  |d 2011-03-10  |l 17  |m 2  |o 778/SVATOŇOVÁ,K.  |p 420010137113  |r 2024-12-02 00:00:00  |s 2024-11-29  |v 299.00  |w 2019-08-26  |x N:nákup, opřevod z FMK Soukalová;  |y 04 
992 |a BK  |b SK  |d 12 
998 |a 001861711 
999 |c 52562  |d 52562